| 000 | 00372nam a22001217a 4500 | ||
|---|---|---|---|
| 999 |
_c1275 _d1275 |
||
| 005 | 20200828092508.0 | ||
| 008 | 200828b ||||| |||| 00| 0 eng d | ||
| 020 | _a0356050009 | ||
| 040 | _cCML | ||
| 245 | _aUsing the Environment 3 Tackling Problems Part 2. | ||
| 260 |
_aLondon _bMacdonald Educational Ltd _c1974 |
||
| 942 |
_2ddc _cBK _e1st Edition _h507 _mCOL |
||